Normal view
MARC view
- Landreth, Garry L.
Entry Personal Name
001 - CONTROL NUMBER
- control field: 4076
003 - CONTROL NUMBER IDENTIFIER
- control field: PACU
005 - DATE AND TIME OF LATEST TRANSACTION
- control field: 20141103134055.0
008 - FIXED-LENGTH DATA ELEMENTS
- fixed length control field: 141103|| aca||aabn | a|a d
040 ## - CATALOGING SOURCE
- Original cataloging agency: PACU
- Transcribing agency: PACU
100 ## - HEADING--PERSONAL NAME
- Personal name: Landreth, Garry L.
670 ## - SOURCE DATA FOUND
- Source citation: Work cat.: (PACU)0: Landreth, Garry L., Play therapy :, 2012.